000 00486cam a22002051 4500
001 sa 64000333
003 DLC
005 20260227111955.0
008 890703s1962 ii 000 0 malo
010 _asa 64000333
035 _a(OCoLC)19958792
040 _aDLC
_cWaU
_dDLC
042 _apremarc
050 0 0 _aPL4718.9.M6
_bV4
100 0 _aMoidu Padiyath,
_d1931-
245 1 0 _aVeḷutta piśācȧ.
260 _c[1962?]
300 _a207 p.
_c18 cm.
500 _aIn Malayalam.
999 _c56149
_d56149